Structural analysis and design (Record no. 11537)

000 -LEADER
fixed length control field 00569nam a2200217 i 4500
001 - CONTROL NUMBER
control field 11537
003 - CONTROL NUMBER IDENTIFIER
control field BD-DhUET
008 - FIXED-LENGTH DATA ELEMENTS--GENERAL INFORMATION
fixed length control field 800423s1980 nyua b 001 0 eng
020 ## - INTERNATIONAL STANDARD BOOK NUMBER
International Standard Book Number 0824769228
040 ## - CATALOGING SOURCE
Original cataloging agency DLC
Transcribing agency DLC
Modifying agency BD-DhUET
082 00 - DEWEY DECIMAL CLASSIFICATION NUMBER
Classification number 624.17
Item number HEI/1980
100 1# - MAIN ENTRY--PERSONAL NAME
Personal name Heins, Conrad P.
245 10 - TITLE STATEMENT
Title Structural analysis and design
250 ## - EDITION STATEMENT
Edition statement 1st ed.
260 ## - PUBLICATION, DISTRIBUTION, ETC. (IMPRINT)
Place of publication, distribution, etc. New York
Name of publisher, distributor, etc. Marcel Dekker
Date of publication, distribution, etc. 1980
300 ## - PHYSICAL DESCRIPTION
Extent viii, 454 p.
Other physical details ill.
Dimensions 23 cm.
504 ## - BIBLIOGRAPHY, ETC. NOTE
Bibliography, etc Includes bibliographies
650 #0 - SUBJECT ADDED ENTRY--TOPICAL TERM
Topical term or geographic name as entry element Structural theory of
700 ## - ADDED ENTRY--PERSONAL NAME
Personal name Derucher, Kenneth N.
942 ## - ADDED ENTRY ELEMENTS (KOHA)
Koha item type General Book
Holdings
Withdrawn status Sublocation or collection (holding branch) Koha issues (times borrowed) Not for loan Price effective from Koha full call number Shelving location Lost status Koha normalized classification for sorting Location (home branch) Koha date last seen Damaged status Koha item type Koha date last borrowed Piece designation (barcode) Source of classification or shelving scheme Date acquired Copy number
 Central Library, BUET1 2015-02-17624.17/HEI/1980Circulation section 624_170000000000000_HEI_1980Central Library, BUET2020-01-27 General Book2018-07-2568477 2015-02-171
 Central Library, BUET  2015-02-17624.17/HEI/1980Circulation section 624_170000000000000_HEI_1980Central Library, BUET2015-02-17 General Book 60443 2015-02-172
 Central Library, BUET  2015-02-17624.17/HEI/1980Circulation section 624_170000000000000_HEI_1980Central Library, BUET2015-02-17 General Book 63560 2015-02-173